00000000nam 2200000zi 4500
0019.887091
003CaOODSP
00520250313130638
006m     o  d f      
007cr mn|||||||||
008200508t20162016quca    ob   f000 0 fre d
020 |z9780660051574 |q(incorrect)
040 |aCaOODSP|bfre|erda|cCaOODSP
043 |an-cn---
045 |ay0y1
0861 |aSF31-125/2016F-PDF|zSF31-125/2016
1001 |aFraser, Graham, |d1946- |eauteur.
24510|aProtéger les droits linguistiques : |bbilan des interventions du commissaire devant les tribunaux 2006-2016.
264 1|a[Gatineau, Québec] : |bCommissariat aux langues officielles = Office of the Commissioner of Official Languages, |c[2016]
264 4|c©2016
300 |a1 ressource en ligne (ii, 28 pages) : |billustrations
336 |atexte|btxt|2rdacontent/fre
337 |ainformatique|bc|2rdamedia/fre
338 |aressource en ligne|bcr|2rdacarrier/fre
500 |aPublié aussi en anglais sous le titre : Protecting language rights: overview of the Commissioner's interventions in the courts 2006-2016.
500 |a« Graham Fraser, commissaire aux langues officielles » -- Page ii.
504 |aComprend des références bibliographiques.
61016|aCanada. |bCommissariat aux langues officielles.
650 6|aDroits linguistiques (Droit international)|zCanada.
650 6|aMinorités linguistiques|xDroits|zCanada.
650 6|aIntervention (Procédure civile)|zCanada.
7101 |aCanada. |bCommissariat aux langues officielles, |eorganisme de publication.
77508|tProtecting language rights : |w(CaOODSP)9.887089
794 |tProtéger les droits linguistiques : |b(2025)|w(CaOODSP)9.946915
85640|qPDF|s2.67 Mo|uhttps://publications.gc.ca/collections/collection_2020/clo-ocol/SF31-125-2016-fra.pdf
8564 |qHTML|sS.O.|uhttps://www.clo-ocol.gc.ca/fr/publications/autres/bilan-causes-juridiques-2006-2016